|
|
|
|
| LEADER |
00000nkmaa2200000 a 4500 |
| 001 |
vtls010631681 |
| 003 |
SK-MaSNL |
| 005 |
20260425233041.0 |
| 007 |
kh bo |
| 008 |
231204s1957 xo ||00 k|slo |
| 035 |
|
|
|a CA469EEF-6C60-413E-912D-C91AA4A6532A
|
| 035 |
|
|
|a urn:nbn:sk:snk-kmxwb3
|
| 035 |
|
|
|a urn:nbn:sk:snk-km001ww6
|
| 040 |
|
|
|a SNKLA
|b slo
|c SNKLA
|e AACR2
|
| 041 |
0 |
|
|a slo
|
| 044 |
|
|
|a xo
|c SK
|
| 245 |
0 |
0 |
|a Bratislava
|h [grafika]
|b Pioniersky dom Kl. Gottwalda
|
| 260 |
|
|
|a Martin
|b Osveta, n. p.
|a Bratislava
|b PŠK - HSV
|c 1957
|
| 300 |
|
|
|a 1 pohľadnica
|b čiernobiela
|c 11x15 cm
|
| 651 |
|
7 |
|a Bratislava (Slovensko)
|2 SNKPH
|9 14568
|
| 651 |
|
7 |
|a Slovensko
|2 SNKPH
|9 14231
|
| 655 |
|
7 |
|a geografické pohľadnice
|2 SNKPH
|9 70522
|
| 958 |
|
|
|a BLA
|
| 999 |
|
|
|c 755345
|d 757275
|
| 952 |
|
|
|a SNKLA
|b SNKLA
|c SNKLA_DEP
|y NEVYP
|7 0
|p 17A1006359
|o snkPB 100/469
|i snkLA 1451/1958
|0 0
|1 0
|4 0
|d 2014-10-29
|f 1
|l 0
|r 2026-02-23 23:46:49
|w 2026-02-23
|